| 000 | 00506nam a2200181Ia 4500 | ||
|---|---|---|---|
| 999 |
_c5258 _d5258 |
||
| 003 | GBCCL | ||
| 005 | 20241126110537.0 | ||
| 008 | 180312b ||||| |||| 00| 0 eng d | ||
| 040 | _cgbc | ||
| 082 |
_aVER 248.26092 _bSIN |
||
| 100 |
_aHatzaw, H. S. _99493 |
||
| 245 |
_aSadhu Sundar Singh / _cH. S. Hatzaw |
||
| 250 | _a2nd Ed. | ||
| 260 |
_bChin Baptist Literature Board, _aChurachandpur: _c2007 |
||
| 300 |
_a99 p.; _c17 cm. |
||
| 650 |
_aSadhu Sundar Singh _vBiography _99494 |
||
| 942 |
_e2ND ED _2ddc _cBK _02 |
||